000
00301nam a22001337a 4500
008
180302b xxu||||| |||| 00| 0 eng d
020
_a
0808736248
041
_a
eng
080
_a
338
100
_a
53
101
_a
MNG
245
_a
Aquatic Organization & Management
_c
Jorney, J.A
942
_2
udc
_c
BK
999
_c
44035
_d
44035